Optimising Russian natural gas reform and climate policy

Guardado en:
Detalles Bibliográficos
Autor Corporativo: OECD. International Energy Agency
Formato: Libro
Lenguaje:inglés
Publicado: Paris OECD 2006
Materias:
Etiquetas: Agregar Etiqueta
Sin Etiquetas, Sea el primero en etiquetar este registro!

MARC

LEADER 00000nam$a2200000$$$4500
001 0054963
005 20240315121104.9
020 |a 92-64-10986-2 
041 0 |a eng 
044 |a FR 
245 1 0 |a Optimising Russian natural gas  |b reform and climate policy 
264 1 |a Paris  |b OECD  |c 2006 
300 |a 200 s. 
610 2 0 |a plyn zemný 
610 2 0 |a priemysel plynárenský 
610 2 0 |a Rusko 
610 2 0 |a technológia 
610 2 0 |a prostredie životné 
610 2 0 |a znečistenie prostredia životného 
610 2 0 |a optimalizácia 
710 2 |a OECD. International Energy Agency